<?xml version="1.0" encoding="UTF-8"?><?xml-stylesheet type="text/xsl" href="static/style.xsl"?><OAI-PMH xmlns="http://www.openarchives.org/OAI/2.0/" xmlns:xsi="http://www.w3.org/2001/XMLSchema-instance" xsi:schemaLocation="http://www.openarchives.org/OAI/2.0/ http://www.openarchives.org/OAI/2.0/OAI-PMH.xsd"><responseDate>2026-04-13T04:01:57Z</responseDate><request verb="GetRecord" identifier="oai:www.recercat.cat:2117/181373" metadataPrefix="marc">https://recercat.cat/oai/request</request><GetRecord><record><header><identifier>oai:recercat.cat:2117/181373</identifier><datestamp>2025-07-24T18:19:16Z</datestamp><setSpec>com_2072_1033</setSpec><setSpec>col_2072_452951</setSpec></header><metadata><record xmlns="http://www.loc.gov/MARC21/slim" xmlns:dcterms="http://purl.org/dc/terms/" xmlns:xsi="http://www.w3.org/2001/XMLSchema-instance" xmlns:doc="http://www.lyncode.com/xoai" xsi:schemaLocation="http://www.loc.gov/MARC21/slim http://www.loc.gov/standards/marcxml/schema/MARC21slim.xsd">
   <leader>00925njm 22002777a 4500</leader>
   <datafield ind2=" " ind1=" " tag="042">
      <subfield code="a">dc</subfield>
   </datafield>
   <datafield ind2=" " ind1=" " tag="720">
      <subfield code="a">Pérez Saiz, Oscar</subfield>
      <subfield code="e">author</subfield>
   </datafield>
   <datafield ind2=" " ind1=" " tag="260">
      <subfield code="c">2020-02-06</subfield>
   </datafield>
   <datafield ind2=" " ind1=" " tag="520">
      <subfield code="a">Títol alternatiu emprat a la intranet docent de l'EPSEVG: "Reforma d'una instal·lació elèctrica d'Endesa"</subfield>
   </datafield>
   <datafield ind2=" " ind1=" " tag="520">
      <subfield code="a">[CASTELLÀ] La idea de este proyecto está separada en varios tramos, y en todo momento se trabajará en sistema trifásico. En primer lugar, se tiene que hacer una extensión de una Línea Subterránea de Media Tensión (LSMT), con una tensión de servicio prevista de 25 kV y una frecuencia de 50 Hz. Estos conductores tendrán una tensión nominal de 18/30 kV y la sección será de 240 mm2. Estos cables serán de aluminio y del tipo unipolares. La LSMT tendrá su origen en un Centro de Distribución (CD) determinado cercano, se bifurcará y tendrá final en los nuevos CD a instalar. En estos CD, los cuales serán instalados en un emplazamiento determinado, podría haber uno o dos transformadores, dependiendo la potencia solicitada que depende del número de clientes, etc. La idea es cada CD esté constituido por un solo transformador de 630 kVA. Cada CD tendrá un cuadro de baja tensión (BT) con cuatro salidas y la posible ampliación en el caso de que hagan falta más salidas en BT. Además de dar suministro para las viviendas de la zona, estos CD tendrán otro uso, como es el de dar la potencia necesaria para iluminar la zona residencial donde estén instalados, además de tener un posible contador. Estos CD constarán de tecnología avanzada y actual: celdas compactadas en SF6 y celdas modulares de protección. La caseta será del tipo prefabricada en ambos casos. En segundo lugar, del cuadro de BT y de la posible ampliación saldrán las nuevas Líneas Subterráneas de Baja Tensión (LSBT), con una tensión de servicio de 400V, para los nuevos suministros de la zona. Estos conductores tendrán una tensión nominal de 0,6/1 kV y la sección será de 240 mm2 como máximo y 50 mm2 como mínimo. Este proyecto se llevará a cabo según una normativa concreta, como son una serie de Reales Decretos, recomendaciones UNESA, normas UNE, condiciones impuestas por los Organismos Públicos afectados y Ordenanzas Municipales.</subfield>
   </datafield>
   <datafield ind2=" " ind1=" " tag="520">
      <subfield code="a">[ANGLÈS] The idea of this project is separated in few sections, and three-phase work will be available at all times. First, an extension of an Underground Medium Voltage Line has to be made, with an expected operating voltage of 25 kV and a frequency of 50 Hz. These conductors will have a rated voltage of 18/30 kV and the section will be 240 mm2. These wires will be made of aluminium and unipolar type. The Underground Medium Voltage Line will originate from a nearby particular CD, it will fork in two and will end on the new CD be installed. On these CD, which will be installed in a particular location, there could be one or two transformers, depending on the requested power that depends on the number of customers, etc. The idea is that each CD consists of only one transformer of 630 kVA. It will have two low voltage boxes with four outputs and the possible expansion in case more BT outputs are needed. In addition to providing supply to homes in the area, these CD will have another use, and also it will have a counter. These CD will consist of advanced and current technology: SF6 compacted cells and modular protection cell. The shed will be prefabricated type, for both. Secondly, from the BT table and the possible expansion will originate the new Low Voltage Underground Lines, with a service voltage of 400V, for the new supplies in the area. These conductors shall have a rated voltage of 0.6/1 kV and the section shall be 240 mm2 maximum and 50 mm2 at least. This project will be carried out according to a specific regulation, such as a series of Royal Decrees, UNESA recommendations, UNE standards, conditions imposed by the affected Public Agencies and Municipal Ordinances.</subfield>
   </datafield>
   <datafield tag="653" ind2=" " ind1=" ">
      <subfield code="a">Àrees temàtiques de la UPC::Enginyeria elèctrica::Distribució d’energia elèctrica</subfield>
   </datafield>
   <datafield tag="653" ind2=" " ind1=" ">
      <subfield code="a">Electric power distribution</subfield>
   </datafield>
   <datafield tag="653" ind2=" " ind1=" ">
      <subfield code="a">Potencia</subfield>
   </datafield>
   <datafield tag="653" ind2=" " ind1=" ">
      <subfield code="a">Dialux</subfield>
   </datafield>
   <datafield tag="653" ind2=" " ind1=" ">
      <subfield code="a">BrisCAD</subfield>
   </datafield>
   <datafield tag="653" ind2=" " ind1=" ">
      <subfield code="a">Tensión</subfield>
   </datafield>
   <datafield tag="653" ind2=" " ind1=" ">
      <subfield code="a">Conductores</subfield>
   </datafield>
   <datafield tag="653" ind2=" " ind1=" ">
      <subfield code="a">Protección</subfield>
   </datafield>
   <datafield tag="653" ind2=" " ind1=" ">
      <subfield code="a">Celda</subfield>
   </datafield>
   <datafield tag="653" ind2=" " ind1=" ">
      <subfield code="a">Armario</subfield>
   </datafield>
   <datafield tag="653" ind2=" " ind1=" ">
      <subfield code="a">Cuadros</subfield>
   </datafield>
   <datafield tag="653" ind2=" " ind1=" ">
      <subfield code="a">Power</subfield>
   </datafield>
   <datafield tag="653" ind2=" " ind1=" ">
      <subfield code="a">Voltage</subfield>
   </datafield>
   <datafield tag="653" ind2=" " ind1=" ">
      <subfield code="a">Conductors</subfield>
   </datafield>
   <datafield tag="653" ind2=" " ind1=" ">
      <subfield code="a">Cell</subfield>
   </datafield>
   <datafield tag="653" ind2=" " ind1=" ">
      <subfield code="a">FileMaker</subfield>
   </datafield>
   <datafield tag="653" ind2=" " ind1=" ">
      <subfield code="a">Energia elèctrica -- Distribució</subfield>
   </datafield>
   <datafield ind2="0" ind1="0" tag="245">
      <subfield code="a">Nueva extensión de red subterránea de media tensión, instalación de dos nuevos centros de distribución y nuevas líneas subterráneas de baja tensión para nuevos subministros</subfield>
   </datafield>
</record></metadata></record></GetRecord></OAI-PMH>